Score 0/24 Timer 05:00
1 Play Today
Slogan Brand % Correct
Just play itNike
85.8%
I'm Sporclin' itMcDonald's
82.1%
You're not you when you're quiz deprivedSnickers
74.2%
What can Orange do for you?UPS
63.9%
It gives you baaaaadgesRed Bull
63.3%
Mentally Stimulating Diversions Sporcle
61.2%
At the corner of quizzes and questionsWalgreens
58.8%
Wings. Beer. Sporcle.Buffalo Wild Wings
57.7%
Every quiz begins with PlayKay Jewelers
56.3%
The quick picker clickerBounty
56%
Betcha can't play just oneLay's potato chips
54%
What's in your quiz?Capital One
50.1%
Slogan Brand % Correct
Think DiversionApple
48.5%
We have the quizzesArby's
48.1%
The ultimate quiz websiteBMW
46.7%
Play mor SporcleChick-fil-a
46.4%
Better Quizzes. Better Sporcle.Papa John's
45.7%
Sporcle! Sporcle!Little Caesar's
43.9%
Good to the last questionMaxwell House
42.7%
It's in the quizEA Sports
42.6%
Quiz InsideIntel
40.9%
Please don't squeeze the quizCharmin
38.5%
Sporclers WantedVolkswagen
31.7%
Welcome to the quiz networkCisco Systems
14.5%
Remove Ads.
Support Sporcle.
Get the best of Sporcle when you Go Orange. This ad-free experience offers more features, more stats, and more fun while also helping to support Sporcle. Thank you for becoming a member.

You're not logged in!

Compare scores with friends on all Sporcle quizzes.
OR
Log In

Show Comments

Extras

Top Quizzes Today


Score Distribution

Your Account Isn't Verified!

In order to create a playlist on Sporcle, you need to verify the email address you used during registration. Go to your Sporcle Settings to finish the process.

Report this User

Report this user for behavior that violates our Community Guidelines.

Details: